000 00693nam a2200289Ia 4500
005 20260324131946.0
008 008 260324s9999 xx 000 0 eng d
020 _a9781315249940
037 _aEBOOK
040 _aCRL
040 _beng
040 _cCRL
041 _2eng
041 _aeng
084 _qCRL
100 _aMalcolm Torry
245 0 _aManaging God's Business
245 0 _bReligious and Faith-Based Organizations and their Management
260 _bTaylor and Francis
260 _c2005
365 _a
365 _b230
856 _uhttp://www.taylorfrancis.com/books/9781315249940
942 _cEBOOK
999 _c1785120
_d1785120